|
|
|
|
| LEADER |
00744nam a2200205 i 4500 |
| 001 |
c000130158 |
| 003 |
CARM |
| 005 |
00000000000000.0 |
| 008 |
850301s1974 xx 0 eng d |
| 019 |
1 |
|
|a 10227123
|5 LACONCORD2021
|
| 035 |
|
|
|a (OCoLC)58966039
|5 LACONCORD2021
|
| 100 |
1 |
|
|a Gaxotte, Pierre.
|
| 245 |
1 |
0 |
|a Le siecle de Louis XV /
|c Pierre Gaxotte.
|
| 260 |
|
|
|a [s. l.] :
|b Fayard,
|c 1974.
|
| 300 |
|
|
|a 486 p.
|
| 490 |
0 |
|
|a Grandes etudes historiques
|
| 651 |
|
0 |
|a France
|x History
|y Louis XV, 1715-1774.
|
| 852 |
8 |
|
|b CARM
|h A2:AF15B0
|i B01167
|p 0060351
|f BK
|
| 999 |
f |
f |
|i c4c677f3-b279-5560-9569-742b3dc913bf
|s 56379558-c55a-5809-8a70-7dc8e6031328
|
| 952 |
f |
f |
|p Can circulate
|a CAVAL
|b CAVAL
|c CAVAL
|d CARM 1 Store
|e B01167
|f A2:AF15B0
|h Other scheme
|i book
|m 0060351
|